[Event "I Open FIDE 60+30"]
[Site "Robecchetto con Induno ITA"]
[Date "2015.01.08"]
[Round "1"]
[White "Frignani, Alessandro"]
[Black "Fortes Serra, Jordi"]
[WhiteElo "1378"]
[BlackElo "1536"]
[Result "0-1"]
[PlyCount "78"]
[EventDate "2015.01.08"]

1. e4 c5 2. f4 Nc6 3. Nf3 d6 4. h3 g6 5. c3 e5 6. d3 Bg7 7. Qb3 h6 8. Be3 Rb8
9. Nbd2 a6 10. g3 Be6 11. Qa3 a5 12. Qa4 b5 13. Qc2 b4 14. c4 Nge7 15. b3 exf4
16. gxf4 Bxa1 17. Bg2 O-O 18. Ke2 Bg7 19. a4 bxa3 20. Qa2 Bb2 21. Rd1 Nb4 22.
Qb1 Qd7 23. Ng1 a4 24. Bf1 Rb7 25. Kf2 Rfb8 26. Kg3 axb3 27. Nxb3 Qa4 28. Na1
Bxa1 29. Qxa1 Nc2 30. Qc1 Nxe3 31. Qxe3 Qxd1 32. Be2 Qb1 33. e5 dxe5 34. fxe5
a2 35. Nf3 a1=Q 36. Qxh6 Qc2 37. Ng5 Qg1+ 38. Kf3 Qxg5 39. Qxg5 Kg7 0-1

[Event "I Open FIDE 60+30"]
[Site "Robecchetto con Induno ITA"]
[Date "2015.01.08"]
[Round "1"]
[White "Giusti, Francesco"]
[Black "Garcia Rubi, Juan"]
[WhiteElo "1554"]
[BlackElo "1421"]
[Result "1-0"]
[PlyCount "79"]
[EventDate "2015.01.08"]

1. e4 e5 2. Nf3 Nc6 3. c3 Nf6 4. Bb5 a6 5. Ba4 b5 6. Bb3 Be7 7. d3 d6 8. Ng5
O-O 9. Be3 h6 10. Nh3 Na5 11. Bc2 c5 12. Qf3 Bg4 13. Qg3 Qd7 14. f3 Bxh3 15.
gxh3 Nh5 16. Qg4 Qxg4 17. hxg4 Nf4 18. Bxf4 exf4 19. h4 Nc6 20. Nd2 Ne5 21. Ke2
Rac8 22. Nb3 Nxd3 23. Bxd3 c4 24. Bxc4 bxc4 25. Nd4 Bf6 26. Nf5 Rc6 27. Rad1
Rd8 28. Rd4 Bxd4 29. Ne7+ Kf8 30. Nxc6 Bb6 31. Nxd8 Bxd8 32. Rd1 Ke7 33. Rd4
Ke6 34. Rxc4 Bxh4 35. Ra4 Bf6 36. Rxa6 g6 37. a4 Be5 38. a5 Kd7 39. Rb6 Kc7 40.
Rb3 1-0

[Event "I Open FIDE 60+30"]
[Site "Robecchetto con Induno ITA"]
[Date "2015.01.08"]
[Round "1"]
[White "Koureas, Panicos"]
[Black "Nava, Mario"]
[WhiteElo "1441"]
[BlackElo "1241"]
[Result "1-0"]
[PlyCount "61"]
[EventDate "2015.01.08"]

1. e4 c5 2. Nc3 e6 3. f4 Nc6 4. Nf3 Be7 5. Bb5 Nd4 6. O-O Nxb5 7. Nxb5 a6 8.
Nc3 Nf6 9. d3 O-O 10. Qe1 d5 11. e5 Nd7 12. Qg3 b5 13. f5 f6 14. Bh6 g6 15.
fxg6 f5 16. gxh7+ Kf7 17. Qg7+ Ke8 18. Qg6+ Rf7 19. h8=Q+ Nf8 20. Bxf8 Bxf8 21.
Ng5 Raa7 22. Qhh7 Qe7 23. Nxf7 Qxf7 24. Qhxf7+ Rxf7 25. h4 Bg7 26. h5 Bxe5 27.
h6 Ke7 28. Rae1 Bd4+ 29. Kh1 Bf6 30. Nxd5+ Kf8 31. Nxf6 1-0

[Event "I Open FIDE 60+30"]
[Site "Robecchetto con Induno ITA"]
[Date "2015.01.08"]
[Round "1"]
[White "Minore, Antonino"]
[Black "Madaschi, Sergio"]
[WhiteElo "1291"]
[BlackElo "1498"]
[Result "0-1"]
[PlyCount "80"]
[EventDate "2015.01.08"]

1. e3 d5 2. b3 e6 3. Bb2 Nf6 4. d4 Nbd7 5. Bb5 c6 6. Be2 b5 7. c3 Bb7 8. Nd2 a6
9. Qc2 c5 10. Ngf3 Bd6 11. O-O-O c4 12. b4 a5 13. a3 axb4 14. cxb4 O-O 15. Nb1
Ne4 16. Rdf1 Rc8 17. Nc3 Nxc3 18. Bxc3 Nf6 19. Nd2 Qc7 20. h3 Ra8 21. Nb1 Ne4
22. Bf3 Nxc3 23. Qxc3 e5 24. Re1 Rfe8 25. Bd1 Bc6 26. g4 Re7 27. f3 Rae8 28.
Bc2 exd4 29. exd4 Bf4+ 30. Kb2 Re3 31. Rxe3 Rxe3 32. Qxe3 Bxe3 33. Rd1 Qf4 34.
Nc3 Bxd4 35. Rxd4 Qxd4 36. h4 Qf2 37. h5 Qxf3 38. a4 bxa4 39. Bxa4 Bxa4 40.
Nxa4 Qb3+ 0-1

[Event "I Open FIDE 60+30"]
[Site "Robecchetto con Induno ITA"]
[Date "2015.01.08"]
[Round "1"]
[White "Puricelli, Roberto"]
[Black "Sartorio, Alessandro"]
[WhiteElo "1515"]
[BlackElo "1369"]
[Result "1-0"]
[PlyCount "63"]
[EventDate "2015.01.08"]

1. e4 e5 2. Nf3 Nf6 3. d3 Nc6 4. Bg5 Be7 5. Nc3 d6 6. h3 O-O 7. Be2 d5 8. Bxf6
Bxf6 9. Nxd5 Nd4 10. Nxd4 exd4 11. Bg4 Be5 12. Bxc8 Rxc8 13. a3 c6 14. Nb4 c5
15. Nd5 Qa5+ 16. b4 Qa4 17. Ne7+ Kh8 18. Nxc8 Rxc8 19. O-O cxb4 20. axb4 Qxb4
21. Rxa7 g6 22. Qb1 Qd2 23. Rxb7 Qf4 24. g3 Qf6 25. Qb3 Kg7 26. Kg2 h5 27. f4
Bd6 28. e5 Bxe5 29. fxe5 Qc6+ 30. Kg1 Kh6 31. Qxf7 Qxc2 32. Qf4+ 1-0

[Event "I Open FIDE 60+30"]
[Site "Robecchetto con Induno ITA"]
[Date "2015.01.15"]
[Round "2"]
[White "Fortes Serra, Jordi"]
[Black "Puricelli, Roberto"]
[WhiteElo "1536"]
[BlackElo "1515"]
[Result "1/2-1/2"]
[PlyCount "47"]
[EventDate "2015.01.08"]

1. Nf3 d6 2. d4 Nf6 3. c4 c6 4. Nc3 Nbd7 5. e4 c5 6. dxc5 Nxc5 7. e5 Nfe4 8.
Nxe4 Nxe4 9. Qd4 Qa5+ 10. Bd2 Nxd2 11. Qxd2 Qxd2+ 12. Kxd2 Bg4 13. exd6 Bxf3
14. dxe7 Bxe7 15. gxf3 O-O 16. Bh3 Bc5 17. Rad1 Bxf2 18. Kc3 Rfe8 19. Rd7 Re3+
20. Rd3 Rxd3+ 21. Kxd3 Rd8+ 22. Ke2 Bh4 23. Rd1 Rxd1 24. Kxd1 1/2-1/2

[Event "I Open FIDE 60+30"]
[Site "Robecchetto con Induno ITA"]
[Date "2015.01.15"]
[Round "2"]
[White "Garcia Rubi, Juan"]
[Black "Koureas, Panicos"]
[WhiteElo "1421"]
[BlackElo "1441"]
[Result "1/2-1/2"]
[PlyCount "92"]
[EventDate "2015.01.08"]

1. e4 e5 2. Nf3 Nc6 3. Bb5 d6 4. Bxc6+ bxc6 5. c3 Nf6 6. d3 g6 7. O-O Bg7 8. h3
O-O 9. Re1 Re8 10. Nbd2 Rb8 11. Nb3 Be6 12. Be3 c5 13. c4 Bd7 14. a4 Nh5 15.
Qc2 c6 16. Bd2 Nf4 17. Bxf4 exf4 18. Kh2 Qf6 19. Rab1 Qd8 20. Nbd2 f5 21. b3
Qf6 22. Rec1 g5 23. exf5 Bxf5 24. Ne4 Bxe4 25. dxe4 Qh6 26. Kg1 Re7 27. Re1 Qg6
28. Re2 Rbe8 29. Rbe1 g4 30. hxg4 Qxg4 31. Qd3 Qg6 32. Nh4 Qg5 33. Nf5 Rd7 34.
Qh3 Rdd8 35. f3 Re6 36. Nxg7 Rh6 37. Qg4 Qxg4 38. fxg4 Kxg7 39. Kf2 Rh2 40. Kf3
Rh6 41. Kxf4 Rf8+ 42. Kg3 Rhf6 43. Re3 a5 44. Rf3 Re6 45. Rxf8 Kxf8 46. Re3 Kg7
1/2-1/2

[Event "I Open FIDE 60+30"]
[Site "Robecchetto con Induno ITA"]
[Date "2015.01.15"]
[Round "2"]
[White "Madaschi, Sergio"]
[Black "Giusti, Francesco"]
[WhiteElo "1498"]
[BlackElo "1554"]
[Result "1-0"]
[PlyCount "74"]
[EventDate "2015.01.08"]

1. e4 g6 2. c4 Bg7 3. d4 c6 4. Nc3 e6 5. Nf3 Ne7 6. Be2 d5 7. e5 dxc4 8. Bxc4
Nd7 9. O-O Nb6 10. Bb3 Nbd5 11. Ne4 O-O 12. Bg5 f6 13. exf6 Nxf6 14. Nxf6+ Bxf6
15. Bxf6 Rxf6 16. Re1 Qa5 17. Re5 Nd5 18. Ng5 Bd7 19. Ne4 Rf7 20. Nd6 Re7 21.
Nxb7 Qc7 22. Nc5 Rf8 23. Qe1 Qc8 24. Rc1 Rf4 25. Bxd5 Rxd4 26. Bxe6+ Bxe6 27.
Rxe6 Rxe6 28. Qxe6+ Qxe6 29. Nxe6 Re4 30. Ng5 Re5 31. Nf3 Re2 32. Rb1 c5 33.
Kf1 Re7 34. Rc1 Rb7 35. b3 Rb5 36. Rc4 Kf7 37. Ne5+ Ke6 1-0

[Event "I Open FIDE 60+30"]
[Site "Robecchetto con Induno ITA"]
[Date "2015.01.17"]
[Round "2"]
[White "Rancati, David"]
[Black "Frignani, Alessandro"]
[WhiteElo "1547"]
[BlackElo "1378"]
[Result "1-0"]
[PlyCount "93"]
[EventDate "2015.01.08"]

1. d4 d5 2. c4 c6 3. e3 b6 4. Nf3 f6 5. Be2 Ba6 6. O-O Bxc4 7. Bxc4 dxc4 8. Nc3
b5 9. Ne2 e6 10. Nf4 Qd7 11. Re1 Ne7 12. Bd2 Na6 13. a3 g5 14. Nh5 Ng8 15. Re2
O-O-O 16. Ba5 Nc7 17. Rd2 Be7 18. Qc2 Rf8 19. Rad1 Qe8 20. Ng3 h5 21. Ne4 g4
22. Ne1 f5 23. Nc5 Bxc5 24. dxc5 Nd5 25. e4 fxe4 26. Qxe4 Ngf6 27. Qe5 Kb7 28.
Nc2 Ka6 29. Bb4 Nd7 30. Qd6 Nb8 31. Re1 Rf6 32. Rxd5 Qg6 33. Rd2 Re8 34. Qc7
Rf7 35. Qd6 Rf6 36. Rde2 e5 37. Qc7 Rf7 38. Qa5+ Kb7 39. Bc3 Rfe7 40. Nb4 e4
41. Bd2 h4 42. Bf4 Rc8 43. a4 Qf5 44. Bd6 Re6 45. axb5 Qg6 46. Ra1 Rxd6 47.
Qxa7# 1-0

[Event "I Open FIDE 60+30"]
[Site "Robecchetto con Induno ITA"]
[Date "2015.01.15"]
[Round "2"]
[White "Sartorio, Alessandro"]
[Black "Gbessou, Remi Stephan"]
[WhiteElo "1369"]
[BlackElo "1269"]
[Result "1-0"]
[PlyCount "73"]
[EventDate "2015.01.08"]

1. e4 d6 2. d4 Nf6 3. Nc3 g6 4. Bc4 Bg7 5. Nf3 O-O 6. O-O c6 7. d5 b5 8. Be2
Bb7 9. Nd4 a6 10. Bg5 c5 11. Nc6 Nxc6 12. dxc6 Bxc6 13. Bxf6 exf6 14. Nd5 Re8
15. Bf3 b4 16. Re1 a5 17. Ne3 h5 18. Nc4 Re6 19. Qd3 Bb5 20. e5 Bxc4 21. Qxc4
Rc8 22. Rad1 fxe5 23. Bd5 Rf6 24. Re3 Rf4 25. Re4 Qg5 26. Rxf4 exf4 27. Bxf7+
Kh8 28. Rxd6 f3 29. g3 Qc1+ 30. Qf1 Qxc2 31. Bxg6 Qxb2 32. Bxh5 Qxa2 33. Bg4
Rf8 34. Qh3+ Kg8 35. Be6+ Rf7 36. Bxa2 a4 37. Rd8+ 1-0

[Event "I Open FIDE 60+30"]
[Site "Robecchetto con Induno ITA"]
[Date "2015.01.22"]
[Round "3"]
[White "Gbessou, Remi Stephan"]
[Black "Garcia Rubi, Juan"]
[WhiteElo "1269"]
[BlackElo "1421"]
[Result "0-1"]
[PlyCount "58"]
[EventDate "2015.01.08"]

1. e4 c5 2. Nf3 Nc6 3. d4 cxd4 4. Nxd4 g6 5. Nc3 Bg7 6. Nde2 e6 7. Bd2 Nge7 8.
Ng3 O-O 9. Bd3 d5 10. O-O Bd7 11. Re1 Nd4 12. Qc1 Rc8 13. Nce2 Bb5 14. Bc3
Nxe2+ 15. Nxe2 Bxd3 16. cxd3 d4 17. Qd2 dxc3 18. bxc3 Nc6 19. d4 Rc7 20. Rab1
Qe7 21. d5 Rd8 22. Qe3 exd5 23. exd5 Qxe3 24. fxe3 Rxd5 25. e4 Ra5 26. Rbc1 Be5
27. Red1 Kg7 28. Rd5 Rxd5 29. exd5 Ne7 0-1

[Event "I Open FIDE 60+30"]
[Site "Robecchetto con Induno ITA"]
[Date "2015.01.22"]
[Round "3"]
[White "Giusti, Francesco"]
[Black "Minore, Antonino"]
[WhiteElo "1554"]
[BlackElo "1291"]
[Result "1-0"]
[PlyCount "41"]
[EventDate "2015.01.08"]

1. e4 c5 2. Nf3 d6 3. h3 Nf6 4. Nc3 a6 5. a4 b6 6. Bc4 e6 7. d3 Be7 8. Bg5 O-O
9. O-O Bd7 10. e5 Ne8 11. Bxe7 Qxe7 12. exd6 Qxd6 13. Ne4 Qc7 14. Qd2 f6 15.
Rfe1 Bc6 16. Bxe6+ Kh8 17. Qe3 Bxe4 18. Qxe4 Ra7 19. Nh4 f5 20. Ng6+ hxg6 21.
Qh4# 1-0

[Event "I Open FIDE 60+30"]
[Site "Robecchetto con Induno ITA"]
[Date "2015.01.22"]
[Round "3"]
[White "Koureas, Panicos"]
[Black "Fortes Serra, Jordi"]
[WhiteElo "1441"]
[BlackElo "1536"]
[Result "1-0"]
[PlyCount "63"]
[EventDate "2015.01.08"]

1. e4 c5 2. Nc3 Nc6 3. f4 g6 4. Nf3 Bg7 5. Bb5 Nd4 6. O-O e6 7. d3 a6 8. Bc4 b5
9. Bb3 Nxb3 10. axb3 Ne7 11. Nxb5 Qb6 12. c4 Rb8 13. Nc3 Qxb3 14. Qe1 O-O 15.
Qh4 Nc6 16. f5 Bxc3 17. fxg6 fxg6 18. bxc3 Qxc3 19. Bf4 Rb2 20. Rac1 Qxd3 21.
Qh6 Qxe4 22. Ng5 Qd4+ 23. Kh1 Qg7 24. Qh3 Bb7 25. Qe3 e5 26. Bg3 Rxf1+ 27. Rxf1
d6 28. Ne6 Ne7 29. Nxg7 Bxg2+ 30. Kg1 Kxg7 31. Bxe5+ Kg8 32. Bxb2 1-0

[Event "I Open FIDE 60+30"]
[Site "Robecchetto con Induno ITA"]
[Date "2015.01.22"]
[Round "3"]
[White "Puricelli, Roberto"]
[Black "Madaschi, Sergio"]
[WhiteElo "1515"]
[BlackElo "1498"]
[Result "1-0"]
[PlyCount "49"]
[EventDate "2015.01.08"]

1. e4 c5 2. Nf3 Nc6 3. d4 cxd4 4. Nxd4 Nf6 5. Nc3 e5 6. Nf3 Bb4 7. Bd3 d5 8.
exd5 Nxd5 9. Bd2 Bxc3 10. bxc3 O-O 11. O-O Nf6 12. Re1 Qc7 13. h3 Re8 14. Ng5
h6 15. Ne4 Nxe4 16. Bxe4 Bd7 17. Qh5 Qd6 18. Rad1 Rad8 19. Bg5 Qe6 20. Bxd8
Rxd8 21. Bxc6 bxc6 22. Qxe5 Qxa2 23. Rxd7 Rf8 24. Qc5 Qxc2 25. Qxf8+ 1-0

[Event "I Open FIDE 60+30"]
[Site "Robecchetto con Induno ITA"]
[Date "2015.01.20"]
[Round "3"]
[White "Sartorio, Alessandro"]
[Black "Rancati, David"]
[WhiteElo "1369"]
[BlackElo "1547"]
[Result "0-1"]
[PlyCount "74"]
[EventDate "2015.01.08"]

1. e4 d6 2. Nf3 Nf6 3. Nc3 g6 4. Bc4 Bg7 5. O-O O-O 6. d4 c6 7. d5 Bg4 8. h3
Bxf3 9. Qxf3 c5 10. Bf4 Nbd7 11. Rfe1 Nb6 12. Bd3 Nfd7 13. Bb5 a6 14. Bxd7 Nxd7
15. Qg3 Nf6 16. Bg5 Nd7 17. Qh4 Bf6 18. Bxf6 Nxf6 19. e5 dxe5 20. Rxe5 Qd6 21.
Rae1 Rfe8 22. g3 b5 23. Ne4 Qxe5 24. f4 Qd4+ 25. Nf2 Rad8 26. c3 Qxd5 27. Re5
Qxa2 28. Ng4 Qb1+ 29. Kg2 Qxb2+ 30. Kf3 Nxg4 31. Qxg4 Qxc3+ 32. Re3 Rd3 33.
Rxd3 Qxd3+ 34. Kf2 Rd8 35. Kg1 Qd1+ 36. Qxd1 Rxd1+ 37. Kf2 Rd8 0-1

[Event "I Open FIDE 60+30"]
[Site "Robecchetto con Induno ITA"]
[Date "2015.01.29"]
[Round "4"]
[White "Fortes Serra, Jordi"]
[Black "Sartorio, Alessandro"]
[WhiteElo "1536"]
[BlackElo "1369"]
[Result "0-1"]
[PlyCount "134"]
[EventDate "2015.01.08"]

1. Nf3 Nf6 2. d4 g6 3. c4 Bg7 4. Nc3 d6 5. e4 Bg4 6. Be2 Nbd7 7. h3 Bxf3 8.
Bxf3 O-O 9. O-O e5 10. d5 h6 11. Be3 c5 12. dxc6 bxc6 13. Qxd6 Qc8 14. Qd2 Rd8
15. Bxh6 Nb6 16. Qc1 Nxc4 17. Bg5 Rd6 18. Ne2 Qa6 19. b3 Nb6 20. Rd1 Rad8 21.
Rxd6 Rxd6 22. Qc2 Nfd7 23. Be3 c5 24. Nc3 Nf6 25. Rd1 Nbd7 26. Na4 Rc6 27. Qe2
c4 28. Rc1 Bf8 29. Rxc4 Nb8 30. Rxc6 Qxe2 31. Bxe2 Nxc6 32. f3 Nb4 33. Nc3 a5
34. a4 Nd7 35. Nd5 Nc2 36. Bb6 Nxb6 37. Nxb6 Bc5+ 38. Kf1 Bxb6 39. Bc4 Ne3+ 40.
Kf2 Nxc4+ 41. Ke2 Nd6 42. Kd3 f5 43. exf5 Nxf5 44. Ke4 Bc7 45. Kd5 Kf7 46. Kc5
Nd4 47. f4 Nxb3+ 48. Kc4 Nd2+ 49. Kd3 Nb1 50. Kc2 Na3+ 51. Kb3 Bd6 52. fxe5 Be7
53. Kc3 Ke6 54. Kd4 Nc2+ 55. Kd3 Nb4+ 56. Ke4 Bd8 57. g4 Bc7 58. Kf4 Bxe5+ 59.
Kg5 Kf7 60. Kh6 Bg7+ 61. Kh7 Nd3 62. g5 Nc5 63. h4 Nxa4 64. h5 Bb2 65. hxg6+
Kf8 66. g7+ Bxg7 67. g6 Bb2 0-1

[Event "I Open FIDE 60+30"]
[Site "Robecchetto con Induno ITA"]
[Date "2015.01.29"]
[Round "4"]
[White "Frignani, Alessandro"]
[Black "Minore, Antonino"]
[WhiteElo "1378"]
[BlackElo "1291"]
[Result "1-0"]
[PlyCount "95"]
[EventDate "2015.01.08"]

1. e4 c5 2. f4 e6 3. Nf3 Nc6 4. g3 d6 5. b3 Be7 6. Bb2 Qc7 7. Qe2 Nf6 8. d3 O-O
9. Nbd2 b5 10. Bg2 Ne8 11. a3 a5 12. c4 b4 13. a4 Bf6 14. e5 dxe5 15. Nxe5 Bxe5
16. Bxe5 Qd7 17. Bb2 Rb8 18. Qe3 Nd4 19. Bxd4 cxd4 20. Qf2 Bb7 21. O-O-O Bxg2
22. Qxg2 Nf6 23. h3 Rfe8 24. Rde1 Re7 25. Re5 Rc8 26. Kb2 Ne8 27. Rhe1 Nd6 28.
Rxa5 h6 29. Ra8 Nb7 30. Rxc8+ Qxc8 31. g4 Nc5 32. Kc2 Qe8 33. Ra1 e5 34. Qd5
Nxd3 35. Kxd3 e4+ 36. Nxe4 Rd7 37. Qb5 g6 38. Re1 Kg7 39. Qe5+ Qxe5 40. fxe5 g5
41. Nf6 Rd8 42. Re4 Kg6 43. Rxd4 Rc8 44. Rd5 Kg7 45. a5 Ra8 46. Kd4 Kg6 47. Kc5
Rxa5+ 48. Kxb4 1-0

[Event "I Open FIDE 60+30"]
[Site "Robecchetto con Induno ITA"]
[Date "2015.01.29"]
[Round "4"]
[White "Koureas, Panicos"]
[Black "Puricelli, Roberto"]
[WhiteElo "1441"]
[BlackElo "1515"]
[Result "1-0"]
[PlyCount "67"]
[EventDate "2015.01.08"]

1. e4 e5 2. Nf3 Nc6 3. d4 exd4 4. Bc4 Bb4+ 5. c3 dxc3 6. bxc3 Be7 7. Qd5 Nh6 8.
Bxh6 O-O 9. Bf4 d6 10. O-O Be6 11. Qd3 Qc8 12. Bb5 Na5 13. Nbd2 f5 14. Bg5 fxe4
15. Qxe4 Rf7 16. Rfe1 Bf5 17. Qh4 Bxg5 18. Nxg5 Rf8 19. Nb3 Nxb3 20. Bc4+ Kh8
21. axb3 Bg6 22. Re6 Bf5 23. Re7 Bg6 24. Rae1 c6 25. Qd4 Rf6 26. R7e6 Rxe6 27.
Nxe6 Qd7 28. Nf4 Bf5 29. Be6 Re8 30. Qe3 Qd8 31. Qxa7 Qf6 32. Qe3 g5 33. Nh5
Rxe6 34. Nxf6 1-0

[Event "I Open FIDE 60+30"]
[Site "Robecchetto con Induno ITA"]
[Date "2015.01.29"]
[Round "4"]
[White "Rancati, David"]
[Black "Giusti, Francesco"]
[WhiteElo "1547"]
[BlackElo "1554"]
[Result "0-1"]
[PlyCount "118"]
[EventDate "2015.01.08"]

1. d4 d6 2. Nf3 Nf6 3. e3 Bf5 4. Nbd2 a6 5. b3 Nc6 6. c3 e5 7. Nc4 exd4 8. exd4
Be7 9. Bd3 Bg4 10. Ne3 Qd7 11. O-O b5 12. Re1 O-O 13. Bb2 d5 14. Nf1 Bd6 15.
N1d2 Rfe8 16. Qc2 Rxe1+ 17. Rxe1 Re8 18. Qb1 Nd8 19. b4 Ne6 20. h3 Bxf3 21.
Nxf3 g6 22. Ne5 Bxe5 23. Rxe5 Nf4 24. Bc1 N6h5 25. Re3 Rxe3 26. Bxe3 Nxd3 27.
Qxd3 Nf6 28. f3 Qc6 29. Bd2 Qe6 30. Kf2 Nd7 31. Bf4 c6 32. Bc7 f5 33. Qe3 Qxe3+
34. Kxe3 Kf7 35. Kf4 h6 36. a3 Ke6 37. h4 Nf6 38. Kg3 Nh5+ 39. Kh3 Nf6 40. Be5
Nd7 41. Bg7 h5 42. Bh6 Nb6 43. Bd2 Nc4 44. Bc1 f4 45. Bxf4 Nxa3 46. Bc1 Nb1 47.
Bb2 Nd2 48. f4 Kf5 49. Bc1 Ne4 50. Be3 Nxc3 51. g3 Nd1 52. Bg1 Nb2 53. Be3 Nc4
54. Bc1 a5 55. bxa5 Nxa5 56. Ba3 Nc4 57. Bb4 Ne3 58. Bc3 Nc2 59. Bd2 Nxd4 0-1

[Event "I Open FIDE 60+30"]
[Site "Robecchetto con Induno ITA"]
[Date "2015.02.06"]
[Round "5"]
[White "Giusti, Francesco"]
[Black "Puricelli, Roberto"]
[WhiteElo "1554"]
[BlackElo "1515"]
[Result "1-0"]
[PlyCount "119"]
[EventDate "2015.01.08"]

1. e4 c5 2. Nf3 Nc6 3. c3 Nf6 4. Bd3 d6 5. h3 e5 6. b3 Be7 7. Na3 O-O 8. Bc2 a6
9. O-O b5 10. d4 cxd4 11. cxd4 exd4 12. Nxd4 Bb7 13. Nf5 Ne5 14. Re1 Rc8 15.
Bb2 Re8 16. Nxe7+ Qxe7 17. Rc1 Qf8 18. f4 Ned7 19. e5 dxe5 20. fxe5 Nxe5 21.
Bxe5 Qxa3 22. Bxf6 Rxe1+ 23. Qxe1 Qc5+ 24. Kh1 Qd5 25. Qg3 g6 26. Rd1 Qe6 27.
Rd8+ Rxd8 28. Bxd8 Qc8 29. Qc7 Qa8 30. Bf6 Bxg2+ 31. Kh2 Bxh3 32. Qd8+ Qxd8 33.
Bxd8 Bc8 34. Bf6 Kf8 35. Be4 Ke8 36. Kg3 Kd7 37. Kf4 h5 38. Bd5 Ke8 39. Kg5 Bf5
40. a3 Bc8 41. b4 Kf8 42. Bd4 Ke7 43. Bc5+ Ke8 44. Kf6 Be6 45. Bb7 h4 46. Bxa6
Bd7 47. Bb7 h3 48. Bd6 Be6 49. Bc6+ Bd7 50. Bd5 Kd8 51. Kxf7 Be8+ 52. Ke6 Kc8
53. Bh2 Kd8 54. Kd6 g5 55. Bc6 Bg6 56. Bxb5 g4 57. Bc6 Bd3 58. b5 Kc8 59. a4
Kb8 60. b6 1-0

[Event "I Open FIDE 60+30"]
[Site "Robecchetto con Induno ITA"]
[Date "2015.02.06"]
[Round "5"]
[White "Madaschi, Sergio"]
[Black "Koureas, Panicos"]
[WhiteElo "1498"]
[BlackElo "1441"]
[Result "1-0"]
[PlyCount "153"]
[EventDate "2015.01.08"]

1. e4 e5 2. Nf3 Nc6 3. Bb5 d6 4. c3 Bd7 5. O-O Nf6 6. Re1 Be7 7. d4 O-O 8. Nbd2
Nxd4 9. Nxd4 exd4 10. Bxd7 dxc3 11. bxc3 Qxd7 12. Nf3 Qc6 13. Bb2 Rad8 14. Qd4
b6 15. c4 Qd7 16. Rad1 c5 17. Qc3 Qg4 18. e5 Nh5 19. h3 Qg6 20. Qe3 Bg5 21.
Qxg5 Qxg5 22. Nxg5 h6 23. Nf3 Rfe8 24. exd6 Rxe1+ 25. Rxe1 Rxd6 26. Re8+ Kh7
27. Re7 Nf4 28. Kh2 Nd3 29. Be5 Rg6 30. Rxf7 Nxe5 31. Nxe5 Re6 32. Nf3 a5 33.
Rb7 Kg6 34. Kg3 Kf6 35. a4 g5 36. h4 Kf5 37. hxg5 hxg5 38. Rg7 Re4 39. Rxg5+
Kf6 40. Rg4 Re2 41. Rf4+ Kg6 42. Nh4+ Kg5 43. Rf5+ Kh6 44. Rf6+ Kg5 45. Rxb6
Rc2 46. Rb5 Rxc4 47. Nf3+ Kf5 48. Rxa5 Rc3 49. Kh2 Kf4 50. Ng1 Rc2 51. g3+ Kg4
52. Kg2 c4 53. Rc5 c3 54. a5 Ra2 55. Rxc3 Rxa5 56. Rc4+ Kf5 57. Nf3 Ke6 58. g4
Kd5 59. Rd4+ Ke6 60. Kg3 Ra8 61. Kg2 Kf6 62. Nh4 Ra2 63. Kg3 Ra1 64. f4 Rg1+
65. Ng2 Rc1 66. g5+ Kf5 67. Nh4+ Ke6 68. Re4+ Kd5 69. Re2 Rg1+ 70. Rg2 Re1 71.
g6 Re3+ 72. Kg4 Re8 73. f5 Re4+ 74. Kg5 Ke5 75. Nf3+ Kd6 76. f6 Rb4 77. g7 1-0

[Event "I Open FIDE 60+30"]
[Site "Robecchetto con Induno ITA"]
[Date "2015.02.06"]
[Round "5"]
[White "Minore, Antonino"]
[Black "Gbessou, Remi Stephan"]
[WhiteElo "1291"]
[BlackElo "1269"]
[Result "1-0"]
[PlyCount "53"]
[EventDate "2015.01.08"]

1. d4 d6 2. c4 Nf6 3. Nc3 g6 4. e4 Bg7 5. Bg5 O-O 6. Qd2 c6 7. Bh6 Be6 8. Bxg7
Kxg7 9. h3 d5 10. cxd5 cxd5 11. e5 Nfd7 12. g4 h6 13. Be2 f6 14. f4 f5 15.
O-O-O a5 16. Nf3 Nc6 17. gxf5 Rxf5 18. Rdg1 Nb4 19. Nh4 Rf7 20. Rxg6+ Kh7 21.
Rxe6 Nf8 22. Bd3+ Kg8 23. Rg1+ Rg7 24. Rxg7+ Kxg7 25. Qg2+ Kf7 26. Bg6+ Kxe6
27. Qg4# 1-0

[Event "I Open FIDE 60+30"]
[Site "Robecchetto con Induno ITA"]
[Date "2015.02.05"]
[Round "5"]
[White "Sartorio, Alessandro"]
[Black "Frignani, Alessandro"]
[WhiteElo "1369"]
[BlackElo "1378"]
[Result "1-0"]
[PlyCount "53"]
[EventDate "2015.01.08"]

1. d4 d5 2. Nf3 e6 3. c4 Ne7 4. Nc3 c6 5. e3 f6 6. Bd3 b6 7. O-O Bb7 8. cxd5
exd5 9. Qc2 g6 10. Bd2 Bg7 11. Rfe1 O-O 12. e4 dxe4 13. Nxe4 f5 14. Neg5 Bc8
15. Bc4+ Nd5 16. Ne5 Bxe5 17. Rxe5 h6 18. Ne6 Bxe6 19. Rxe6 Kg7 20. Rae1 Nf6
21. Re7+ Kh8 22. Bxh6 Re8 23. Bg7+ Kh7 24. Bxf6+ Rxe7 25. Rxe7+ Kh6 26. Qd2+ g5
27. Qxg5# 1-0

[Event "I Open FIDE 60+30"]
[Site "Robecchetto con Induno ITA"]
[Date "2015.02.12"]
[Round "6"]
[White "Gbessou, Remi Stephan"]
[Black "Frignani, Alessandro"]
[WhiteElo "1269"]
[BlackElo "1378"]
[Result "0-1"]
[PlyCount "52"]
[EventDate "2015.01.08"]

1. e4 e5 2. Nf3 Qf6 3. d4 exd4 4. Nxd4 Bc5 5. Be3 Qb6 6. b3 Nc6 7. c3 Nf6 8.
Bd3 Bxd4 9. Qe2 Bxe3 10. Qxe3 Qxe3+ 11. fxe3 O-O 12. Nd2 Ne5 13. Be2 d6 14. O-O
Bg4 15. Bd1 Rfe8 16. Bc2 Be2 17. Rf2 Bd3 18. Rc1 Nfg4 19. Rf4 Nxe3 20. b4 Bxc2
21. Re1 Nd3 22. Rxe3 Nxf4 23. a3 Nd5 24. Re1 Nxc3 25. Re3 Nxe4 26. Nxe4 Rxe4
0-1

[Event "I Open FIDE 60+30"]
[Site "Robecchetto con Induno ITA"]
[Date "2015.02.12"]
[Round "6"]
[White "Koureas, Panicos"]
[Black "Giusti, Francesco"]
[WhiteElo "1441"]
[BlackElo "1554"]
[Result "1/2-1/2"]
[PlyCount "75"]
[EventDate "2015.01.08"]

1. e4 c5 2. Nc3 d6 3. f4 g6 4. Nf3 Bg7 5. Bc4 e6 6. d4 cxd4 7. Nxd4 a6 8. Be3
Qc7 9. Bb3 Nc6 10. O-O Na5 11. f5 Nxb3 12. axb3 e5 13. Nd5 Qd8 14. Nf3 gxf5 15.
Bb6 Qd7 16. Nc7+ Kf8 17. Nxa8 Qc6 18. exf5 Bxf5 19. Ra4 Ne7 20. Rc4 Qd5 21.
Rc8+ Bxc8 22. Qe2 h5 23. c4 Qc6 24. Bf2 Bg4 25. Bh4 b6 26. h3 Bxf3 27. Bxe7+
Kxe7 28. Rxf3 Rxa8 29. Qf2 f6 30. Kh1 a5 31. Qe2 a4 32. Rg3 Rg8 33. Qxh5 Qe4
34. bxa4 Qxc4 35. Rc3 Qf1+ 36. Kh2 Ke6 37. Rc7 Qf4+ 38. Kh1 1/2-1/2

[Event "I Open FIDE 60+30"]
[Site "Robecchetto con Induno ITA"]
[Date "2015.02.12"]
[Round "6"]
[White "Madaschi, Sergio"]
[Black "Sartorio, Alessandro"]
[WhiteElo "1498"]
[BlackElo "1369"]
[Result "1-0"]
[PlyCount "85"]
[EventDate "2015.01.08"]

1. e4 e5 2. Nf3 Nc6 3. Bb5 d5 4. Nxe5 Nge7 5. d4 a6 6. Nxc6 Nxc6 7. Bxc6+ bxc6
8. e5 Be7 9. O-O O-O 10. Bf4 a5 11. Nd2 Bg5 12. Bg3 Re8 13. Nf3 Bh6 14. Re1 f5
15. exf6 Rxe1+ 16. Qxe1 Qxf6 17. Qe8+ Qf8 18. Qxf8+ Kxf8 19. Bxc7 Bf5 20. Bd6+
Kg8 21. c3 Re8 22. Re1 Rxe1+ 23. Nxe1 Bc1 24. b4 a4 25. Nf3 Bg4 26. Ne5 Bd2 27.
Nxg4 Bxc3 28. Bc5 Kf7 29. Ne5+ Kf6 30. Nxc6 Kf5 31. b5 Bd2 32. g3 Ke4 33. b6
Kd3 34. b7 Kc2 35. b8=Q Bc1 36. Qb5 a3 37. Qa4+ Kd3 38. Qb3+ Ke2 39. Bxa3 Bxa3
40. Qxa3 g5 41. Qe3+ Kd1 42. Nb4 h5 43. Qd3+ 1-0